000 00611nam a2200181 4500
008 160525b xxu||||| |||| 00| 0 eng d
020 _a971550423X
082 _22002
_aDFil 306
_bR22
245 _aReading popular culture/ .
_cSolidad S. Reyes, editor.
260 _aQuezon City:
_bADMU Press,
_cc2002.
300 _a243 pages;
_c23 cm.
500 _aIncludes bibliographical references and index.
650 0 _99066
_aPopular culture
_z Philippines
_vEssays
650 0 _99067
_aPhilippine essays (English)
700 _99068
_aReyes, Soledad S.
_eEditor
365 _b350.00
_cPhp
942 _2ddc
_cDFIL
999 _c2739
_d2739